Víz és jég

Bibliographic Details
Main Author: Kamimura, Hiroo, 1930- (Author)
Other Authors: Bauer, Kinga (Translator)
Format: Article
Language:Hungarian
Japanese
Subjects:

MARC

LEADER 00000nab a2200000 a 4500
001 vtls000622851
003 SK-MaSNL
005 20260304021445.0
008 160314c1997 xo 0 hun
015 |a SNBRB19rr/mm-uuuuu 
035 |a CL0622990 
040 |a SNKBUCL  |b slo  |c SNKBUCL  |e AACR2 
041 1 |a hun  |h jpn 
044 |a xo  |c SK 
080 |a 895.6-1=945.11  |2 1981 
100 1 |a Kamimura, Hiroo,  |d 1930-  |4 aut  |9 1299390 
245 1 0 |a Víz és jég  |c Hiro Kamimura ; Ford. Kinga Bauer 
500 |a Informácia o autorovi 
655 7 |a japonská poézia  |2 snkbucl  |9 70797 
700 1 |a Bauer, Kinga  |4 trl  |9 900800 
773 0 |t Szőrös kő  |g Roč. 2, č. 1 (1997), s. 1 
850 |a Slovenská národná knižnica 
852 |a Slovenská národná knižnica 
958 |a HU 
958 |a LX 
958 |a JP 
958 |a NX 
958 |a RK 
958 |a RBX 
999 |c 2606021  |d 2607951